Memorias del Segundo Foro Congreso del Niño y la Calle : Sistema para el Desarrollo Integral de la Familia.

Збережено в:
Бібліографічні деталі
Співавтори: México. Presidencia de la República Sistema Nacional para el Desarrollo Integral de la Familia, Memorias del Foro Congreso del Niño y la Calle sistema para el desarrollo integral de la familia
Формат: Матеріали конференцій Книга
Мова:Іспанська
Предмети:
Теги: Додати тег
Немає тегів, Будьте першим, хто поставить тег для цього запису!

MARC

LEADER 00000cam^a2200000uu^4500
001 000481181
005 20250521000000.0
008 050901s1989^^^^^^^^^^^^rd^r^1000^0^spa^d
009 20260310125019.045
035 |a FCE 000024206 
035 |a FCE 008985 
037 |a Acervo ITESO - Biblioteca 
041 |a spa 
082 0 4 |a 362.71  |b DIF 
110 |a México. Presidencia de la República  |b Sistema Nacional para el Desarrollo Integral de la Familia 
245 1 0 |a Memorias del Segundo Foro Congreso del Niño y la Calle :  |b Sistema para el Desarrollo Integral de la Familia. 
264 |a Puebla :  |b DIF,  |c 1989. 
300 |a 125 p. 
336 |a texto  |b txt  |2 rdacontenido 
337 |a sin mediación  |b n  |2 rdamedio 
338 |a volumen  |b nc  |2 rdasoporte 
649 |a XX 
650 |a Psicología social 
650 |a Problemas sociales 
650 |a Deserción escolar 
650 |a Niño 
650 |a Condición socioeconómica 
650 |a Niño maltratado 
650 |a Niño abandonado 
650 |a Puebla, México 
711 |a Memorias del Foro Congreso del Niño y la Calle :  |e sistema para el desarrollo integral de la familia  |n (2) 
910 |a Fondo Centro de Estudios Educativos 
920 |a Impresos - Libros 
930 |a Fondos Especiales 
905 |a 133 
901 |a ALE008985  |b IT2  |c CEE  |u 20250521 
902 |a https://opac.biblio.iteso.mx/vufind/Record/000481181